000
00243nam a2200097Ia 4500
008
170619s9999 xx 000 0 und d
100
_a
Mitchell- Melanie
245
3
_a
An introduction to genetic algorithms
260
_b
New Delhi: PHI
260
_c
2002
546
_a
ENGLISH
999
_c
17922
_d
17922